Представление документа в формате RUSMARC

ПолеНазваниеЗначение
  Тип записи a
  Библиографический уровень c
001 Контрольный номер RU/SLIB/B/208790480
005 Дата корректировки 20201206204417.3
010 Индекс ISBN __
a ISBN 5-699-09306-0 (в пер.)
d Цена 120-00
100 Данные общей обработки __
a Данные общей обработки 19050903d2005 |||y0rusy0189 ca
101 Язык документа __
a Язык текста rus
c Язык оригинала rus
102 Страна публикации __
a Страна публикации RU
105 Кодированные данные (монография) __
a Кодированные данные (монография) a z |||zy
200 Заглавие и сведения об ответственности 0_
a Заглавие Русский вопрос
f Первые сведения об ответственности Игорь Шафаревич
b Общее обозначение материала Текст
210 Выходные данные __
a Место издания М.
c Издательство Алгоритм
d Дата издания 2005
215 Физическое описание __
a Объем 541, [2] с.
c Иллюстрации/тип воспроизводства табл.
225 Серия __
a Серия Политический бестселлер
320 Библиография __
a Библиография Библиогр. в конце гл.
327 Примечание о содержании __
a Примечание о содержании Русофобия
330 Аннотация __
a Аннотация В новую книгу выдающегося математика, публициста, общественного деятеля Игоря Шафаревича вошли наиболее значительные его работы. В свое время "Русофобия", переведенная на многие языки мира, вызвала широкий резонанс как у нас в стране, так и за рубежом. Подобный интерес, несомненно, ожидает и последнюю работу автора "Трехтысячелетняя загадка", которая основана на богатом фактическом материале.
606 Тематические рубрики __
a Основная рубрика История
y Географическая подрубрика Россия; РФ
606 Тематические рубрики __
a Основная рубрика История России в целом
610 Ключевые слова __
a Ключевые слова евреи; национальные отношения; национальная идея; еврейский вопрос; история евреев; тема евреев; шовинизм; антисемитизм; русские; русский вопрос; русофобия
686 Индексы других классификаций __
a Классификационный индекс 63.3(2)-38
700 Автор _1
a Фамилия Шафаревич
b Имя И. Р.
f Даты 1923-
g Полное личное имя Игорь Ростиславович
4 Код отношения 070
801 Источник записи _0
a Страна RU
b Организация Муниципальное бюджетное учреждение культуры "Централизованная библиотечная система" г. Сургут (Центральная городская библиотека им. А. С. Пушкина)
c Дата составления 20050903
g Правила каталогизации КиК/Цаплина
801 Источник записи _1
a Страна RU
b Организация Муниципальное бюджетное учреждение культуры "Централизованная библиотечная система" г. Сургут (Центральная городская библиотека им. А. С. Пушкина)
c Дата составления 20050903
g Правила каталогизации КиК/Цаплина
852 Данные о местонахождении __
j Шифр хранения 63.3(2)-38
c Каталожный индекс 63.3(2)-36
i Авторский знак Ш 30
901 Тип документа __
t Тип документа x
903 Характеристики (МАРС) __
a Дата передачи 20060623
969 Тип издания __
a Тип издания сборник
990 Данные о заказе (DOS) __
j Количество экземпляров (DOS) 1
t N записи в КСУ для И/У (DOS) 200607